| 000 | 00430nam a22001697a 4500 | ||
|---|---|---|---|
| 003 | OSt | ||
| 005 | 20140311162955.0 | ||
| 008 | 130318t xxu||||| |||| 00| 0 eng d | ||
| 020 | _a1576854248 | ||
| 050 |
_aQA 152.2 _b.R42 2002 |
||
| 245 | _a501 algebra questions / | ||
| 260 |
_aNew York, N.Y. : _bLearning Express, _cc2002. |
||
| 300 |
_a271 p. : _bill. ; _c25 cm. |
||
| 562 | _e1 | ||
| 942 |
_2lcc _cBK-TR |
||
| 999 |
_c39027 _d39027 |
||